El Presupuesto en base cero : diseño y ejemplos de aplicación / L. Allan Austin, Logan M. Cheek ; traductor: Rafael Jiménez Larrea diseño y ejemplos de aplicación / L. Allan Austin, Logan M. Cheek ; traductor:
ISBN:
84-234-0564-8
Descripción Física:
216 p. : taules ; 27 cm
MARC
| LEADER | 00000nam a2200000Ia 4500 | ||
|---|---|---|---|
| 001 | 18342 | ||
| 008 | 160829s1984 xx 000 0 cat d | ||
| 020 | |a 84-234-0564-8 | ||
| 080 | |a M-5-291 | ||
| 100 | |a Austin, L. Allan |9 27062 | ||
| 245 | |a El Presupuesto en base cero : |b diseño y ejemplos de aplicación / L. Allan Austin, Logan M. Cheek ; traductor: |b Rafael Jiménez Larrea | ||
| 260 | |a Bilbao : |b Deusto, |c 1984 | ||
| 300 | |a 216 p. : |b taules ; |c 27 cm | ||
| 590 | |a Títol original: Zero-base budgeting : a decision package manual | ||
| 650 | |a Empreses |x Finances |9 27063 | ||
| 650 | |a Indústria |x Planificació |9 27064 | ||
| 650 | |a Pressupostos |x Disseny |9 27065 | ||
| 700 | |a Cheek, Logan M. |9 27066 | ||
| 700 | 1 | |a Jiménez Larrea, Rafael |9 27067 | |
| 901 | |a Arxiu | ||
| 942 | |n 1 | ||
| 952 | |0 0 |1 0 |4 0 |6 M5291 |7 1 |9 44257 |a Arxiu |b Arxiu |d 2016-12-01 |l 0 |o M-5-291 |p 18342 |r 2016-12-01 00:00:00 |w 2016-12-01 |y ARXIU | ||
| 999 | |c 46837 |d 46837 | ||